Los actores en la crisis econm̤ica de fin de siglo

Bibliographic Details
Main Author: Urrutia, Miguel
Other Authors: Llano, Jorge
Format: eBook
Language:Spanish
Published: Bogot:̀ Universidad de Los Andes (Colombia), 2012
Subjects:
Online Access:Acceso restringido

MARC

LEADER 00000nam a22000007a 4500
005 20190510133725.0
007 cr|||| ||||
008 190510s2012 co |||||s|||| 00||0 spa d
020 |a 978-958-695-749-6 
035 |a 23350 
040 |a vLex 
090 |c 8679  |d 8679 
100 1 |a Urrutia, Miguel 
245 1 3 |a Los actores en la crisis econm̤ica de fin de siglo  |h [Recurso electrn̤ico] /  |c Miguel Urrutia, Jorge Llano 
256 |a Servicio en ln̕ea 
260 |a Bogot:̀  |b Universidad de Los Andes (Colombia),  |c 2012 
300 |a 1 recurso electrn̤ico 
506 1 |a Disponible solo en los productos indicados  |d vLex Global  |d vLex Global (Academic Edition, excluding Law Schools)  |d vLex Global (U.S. Academic Edition, Law Schools)  |d vLex Global (U.S. Academic Edition, excluding Law Schools)  |d vLex Global (Academic Edition, Law Schools) 
650 0 4 |a Derecho Fiscal  |z Colombia 
700 1 |a Llano, Jorge 
740 0 |a vLex Libros (Servicio en ln̕ea) 
856 4 0 |u http://vlex.com/source/actores-crisis-economica-fin-siglo-23350  |z Acceso restringido 
942 |c BOOK 
999 0 |a Tax Law